O surdo no cinema (Record no. 138028)

MARC details
000 -LÍDER
campo de controle de tamanho fixo 00506 a2200181 4500
001 - NÚMERO DE CONTROLE
campo de controle 138028
020 ## - ISBN - INTERNATIONAL STANDARD BOOK NUMBER
ISBN - International Standard Book Number 9788566626421
040 ## - FONTE DA CATALOGAÇÃO
Instituição que transcreveu o registro Leonardo Da Vinci
041 ## - CÓDIGO DE IDIOMA
Código do idioma do texto/trilha sonora ou título diferente Português
082 ## - CDD - CLASSIFICAÇÃO DECIMAL DE DEWEY
Número de Classificação 791.4 C957s
Número do exemplar C957s
100 ## - ENTRADA PRINCIPAL--NOME PESSOAL
Nome pessoal CRUZ, Tatiane Monteiro da
245 ## - TÍTULO
Título O surdo no cinema
Restante do título mudanças de paradigmas
260 ## - PUBLICAÇÃO, DISTRIBUIÇÃO, ETC.
Nome do editor, distribuidor, etc. Jogo de Palavras
Data da publicação, distribuição, etc. 2018
Local de publicação, distribuição, etc. Alumínio, SP
300 ## - DESCRIÇÃO FÍSICA
Extensão [184] p
362 ## - DATAS DE PUBLICAÇÃO E/OU DESIGNAÇÃO SEQUENCIAL
Datas de publicação e/ou designação sequencial 20180000
697 ## - ENTRADA DE ASSUNTO LOCAL--ENTIDADE COLETIVA (RLIN)
Nome corporativo ou nome da jurisdição Cinema
-- Surdos
-- Deficiência auditiva
-- Língua de Sinais
-- LIBRAS
942 ## - ELEMENTOS DE ENTRADA ADICIONADOS (KOHA)
Tipo de material Koha Livros
Holdings
Situação do descarte Situação das perdas Situação física Não pode ser emprestado Biblioteca de origem Biblioteca atual Data de aquisição Total de empréstimos Número de chamada completo Código de barras Data de último acesso Data do preço efetivo Tipo de material Koha
        Leonardo Da Vinci - Osasco Leonardo Da Vinci - Osasco 27/03/2024   791.4 C957s O019264 27/03/2024 27/03/2024 Livros
        Leonardo Da Vinci - Osasco Leonardo Da Vinci - Osasco 27/03/2024   791.4 C957s O019265 27/03/2024 27/03/2024 Livros